000 00339nam a2200133Ia 4500
100 _aMillman/Jacob/ Halkias/C.C
942 _cBK
654 _aintegrated
245 _aIntegrated electronics:Analog and digital circuits and system
260 _bMcGraw Hill
_aTokyo
_c1971
082 _a621.38179
_bMIL
300 _a911
546 _aENGLISH
999 _c21678
_d21678